000
00201nam a22000977a 4500
020
_a
0803289707
100
_a
JOHN WAYNE
245
_a
AMERICAN
260
_a
NEWYORK
_b
RANDY ROBBERTS
_c
1997
942
_c
BK
999
_c
252305
_d
252304